[Event "IECC KO email"]
[Site "IECC email"]
[Date "2001.11.07"]
[Round "?"]
[White "Krupitsky, Aleksey Aleksandrov"]
[Black "Lind, Anders"]
[Result "0-1"]
[WhiteElo "1317"]
[BlackElo "1213"]
[PlyCount "78"]
[EventDate "2001.??.??"]
[EventType "tourn (corr)"]
[EventRounds "6"]
[SourceTitle "Corr 2008"]
[Source "ChessBase"]
[SourceDate "2008.06.24"]
[SourceVersion "1"]
[SourceVersionDate "2008.06.24"]
[SourceQuality "1"]

1. e4 d6 2. d4 Nf6 3. Nc3 g6 4. Nf3 Bg7 5. h3 0-0 6. Bd3 c5 7. d5 Nbd7 8. 0-0 a6 9. Ne2 b5 10. b3 Bb7 11. Ng3 Nxe4 12. Bh6 Nxg3 13. Bxg7 Kxg7 14. fxg3 Bxd5 15. Nh4 Ne5 16. Be2 Bc6 17. Qd2 Qb6 18. Kh2 Kg8 19. Qh6 Be4 20. Rac1 Qa5 21. Qf4 Bc6 22. Rce1 Qxa2 23. Qg5 Rae8 24. Nf5 f6 25. Nh6+ Kg7 26. Qh4 Qxc2 27. g4 Qxb3 28. g5 Qd5 29. gxf6+ exf6 30. Rg1 Qd2 31. Ng4 Nxg4+ 32. Bxg4 Rxe1 33. Qxe1 Qxe1 34. Rxe1 Re8 35. Ra1 f5 36. Bf3 Bxf3 37. gxf3 Ra8 38. Re1 Kf6 39. f4 a5 0-1